| 000 | 00377nam a2200109Ia 4500 | ||
|---|---|---|---|
| 008 | 220204s9999 xx 000 0 und d | ||
| 082 |
_a331:631(548.1) _bIND.5 |
||
| 245 | 0 | _aAgricultural labor in India: Report on the 2nd agricultural labor enquiry 1956-1957. V 5. Madras. | |
| 260 |
_aIndia _bMinistry of labor and employment _c1962 |
||
| 650 | _aAgricultural labour | ||
| 942 | _cBK | ||
| 999 |
_c19283 _d19283 |
||